Principals of Business Management (Record no. 98125)

MARC details
000 -LEADER
fixed length control field 00357nam a2200145Ia 4500
008 - FIXED-LENGTH DATA ELEMENTS--GENERAL INFORMATION
fixed length control field 230211s9999 xx 000 0 und d
020 ## - INTERNATIONAL STANDARD BOOK NUMBER
International Standard Book Number 81-8318-290-9
041 ## - LANGUAGE CODE
Language code of text/sound track or separate title eng
082 ## - DEWEY DECIMAL CLASSIFICATION NUMBER
Classification number 658
100 ## - MAIN ENTRY--PERSONAL NAME
Personal name Sherlekar S A
9 (RLIN) 109464
245 ## - TITLE STATEMENT
Title Principals of Business Management
260 ## - PUBLICATION, DISTRIBUTION, ETC. (IMPRINT)
Name of publisher, distributor, etc. Himalaya Publishing House
Date of publication, distribution, etc. 1985
300 ## - PHYSICAL DESCRIPTION
Extent 625p
906 ## - LOCAL DATA ELEMENT F, LDF (RLIN)
b 15.0
Holdings
Withdrawn status Lost status Source of classification or shelving scheme Damaged status Not for loan Home library Current library Date acquired Vendor Cost, normal purchase price Full call number Barcode Date last seen Cost, replacement price Bill Date Koha item type Original Barcode
    Dewey Decimal Classification     Dr. Bhanuben Nanavati College of Architecture Dr. Bhanuben Nanavati College of Architecture 21/08/2007 Goel Computer Hut 240.00 658 BNCA-YC-7 11/02/2023 204.00 11/02/2023 YC BOOK YC00007